000 00422nam a2200157Ia 4500
008 151213s9999 xx 000 0 und d
020 _a6571091849
100 _aLord David Ceail
245 _aA Choice Of Tennyson's Verse
_cLord David Ceail
260 _aLondon
_bFaber & Paper
_c1071
300 _a7290 p.
650 _aEnglish Literature
650 _aEnglish Literature
700 _aLord David Ceail
999 _c3861
_d3861